[Event "Remote S7E Pro-173 email"]
[Site "Remote email"]
[Date "2013.12.30"]
[Round "?"]
[White "Eckhardt, Andreas"]
[Black "Traut, Gerhard"]
[Result "1/2-1/2"]
[WhiteElo "2012"]
[BlackElo "2294"]
[PlyCount "60"]
[EventDate "2013.??.??"]
[EventType "tourn (corr)"]
[EventRounds "6"]
[EventCountry "GER"]
[SourceTitle "Corr 2015"]
[Source "ChessBase"]
[SourceDate "2015.07.17"]
[SourceVersion "1"]
[SourceVersionDate "2015.07.17"]
[SourceQuality "1"]

1. d4 Nf6 2. f3 d5 3. e4 dxe4 4. Nc3 exf3 5. Nxf3 Bg4 6. h3 Bxf3 7. Qxf3 c6 8. g4 e6 9. g5 Nd5 10. Bd3 Nxc3 11. 0-0 Qxd4+ 12. Be3 Qd7 13. bxc3 Bd6 14. Rad1 Qe7 15. g6 f5 16. Bxf5 Nd7 17. Bg4 Nf6 18. gxh7 0-0-0 19. Rfe1 Nxg4 20. Qxg4 Rde8 21. Qg6 Bb8 22. Bd4 e5 23. Rd3 Qe6 24. Qxg7 Qf5 25. Bf2 Rxh7 26. Qg4 Qxg4+ 27. hxg4 Rg7 28. Re4 Reg8 29. Rg3 Kd7 30. Kf1 Ke6 1/2-1/2

[Event "Remote S7E Adv-138 email"]
[Site "Remote email"]
[Date "2013.12.14"]
[Round "?"]
[White "Eckhardt, Andreas"]
[Black "Schatz, Hans Dieter"]
[Result "0-1"]
[WhiteElo "2012"]
[BlackElo "2331"]
[PlyCount "76"]
[EventDate "2013.??.??"]
[EventType "tourn (corr)"]
[EventRounds "6"]
[EventCountry "GER"]
[SourceTitle "Corr 2015"]
[Source "ChessBase"]
[SourceDate "2015.07.17"]
[SourceVersion "1"]
[SourceVersionDate "2015.07.17"]
[SourceQuality "1"]

1. d4 e6 2. e4 d5 3. Nc3 Bb4 4. e5 c5 5. a3 Bxc3+ 6. bxc3 Ne7 7. h4 Qc7 8. h5 h6 9. Nf3 b6 10. Bb5+ Bd7 11. Bd3 c4 12. Be2 Ba4 13. Nh4 Nbc6 14. Bg4 0-0-0 15. f4 Rhg8 16. f5 Nxe5 17. dxe5 Qxe5+ 18. Kf2 Qxc3 19. Ra2 Qf6 20. Qf3 e5 21. Qg3 e4 22. Bf4 Nc6 23. c3 d4 24. cxd4 Rxd4 25. Be2 Rgd8 26. Be3 Bb3 27. Raa1 R4d7 28. Qf4 Kb7 29. Rac1 c3 30. Bb5 Re7 31. Bxc6+ Qxc6 32. f6 gxf6 33. Nf5 Re5 34. Nd4 Qc4 35. Qxf6 Rdd5 36. Qxf7+ Ka6 37. Qf6 Ba4 38. g4 c2 0-1

[Event "Remote S7E Adv-138 email"]
[Site "Remote email"]
[Date "2013.12.14"]
[Round "?"]
[White "Eckhardt, Andreas"]
[Black "Schulz, Joerg Peter"]
[Result "0-1"]
[WhiteElo "2012"]
[BlackElo "2393"]
[PlyCount "50"]
[EventDate "2013.??.??"]
[EventType "tourn (corr)"]
[EventRounds "6"]
[EventCountry "GER"]
[SourceTitle "Corr 2015"]
[Source "ChessBase"]
[SourceDate "2015.07.17"]
[SourceVersion "1"]
[SourceVersionDate "2015.07.17"]
[SourceQuality "1"]

1. d4 Nf6 2. f3 d5 3. e4 dxe4 4. Nc3 exf3 5. Nxf3 g6 6. Bc4 Bg7 7. 0-0 0-0 8. Qe1 Nc6 9. Qh4 Bf5 10. h3 Bxc2 11. Rf2 Bf5 12. Bh6 Qd6 13. Rd1 Rad8 14. a3 Bxh6 15. Qxh6 e6 16. Bb3 a6 17. Qh4 Qe7 18. g4 Nxg4 19. Qxe7 Nxe7 20. hxg4 Bxg4 21. Ne4 Bxf3 22. Rxf3 c6 23. Nc5 b6 24. Nxa6 Nf5 25. Rf4 g5 0-1

[Event "Remote S7E Adv-137 email"]
[Site "Remote email"]
[Date "2013.11.11"]
[Round "?"]
[White "Eckhardt, Andreas"]
[Black "Wittig, Frank"]
[Result "0-1"]
[WhiteElo "2244"]
[BlackElo "2338"]
[PlyCount "82"]
[EventDate "2013.??.??"]
[EventType "tourn (corr)"]
[EventRounds "6"]
[EventCountry "GER"]
[SourceTitle "Corr 2015"]
[Source "ChessBase"]
[SourceDate "2015.07.17"]
[SourceVersion "1"]
[SourceVersionDate "2015.07.17"]
[SourceQuality "1"]

1. d4 d5 2. e4 dxe4 3. Nc3 Nf6 4. f3 exf3 5. Nxf3 g6 6. Bg5 Bg7 7. Qd2 0-0 8. 0-0-0 c6 9. Kb1 Na6 10. Bxa6 bxa6 11. Ne5 Qc7 12. Bf4 Qb7 13. Na4 Nd7 14. Rhe1 Rd8 15. Qf2 Nxe5 16. Bxe5 Bxe5 17. Rxe5 Rd5 18. Nc5 Qc7 19. Rde1 Rxe5 20. Rxe5 Bf5 21. b3 Rd8 22. Qe3 Rd5 23. Rxe7 Qxh2 24. Rxa7 Kg7 25. Qf2 Qd6 26. g4 Rxd4 27. gxf5 Qxc5 28. f6+ Kh6 29. Qh2+ Qh5 30. Qb8 Rd5 31. Qb4 a5 32. Qe4 g5 33. Rc7 Rd6 34. Ra7 Qd1+ 35. Kb2 Re6 36. Qc4 Re1 37. Ka3 Qd6+ 38. b4 Re3+ 39. Ka4 axb4 40. Qxb4 c5 41. Qb2 Qd5 0-1

[Event "Remote S7E-160 email"]
[Site "Remote email"]
[Date "2013.11.02"]
[Round "?"]
[White "Eckhardt, Andreas"]
[Black "Tortoza, Carlos Alberto"]
[Result "1-0"]
[WhiteElo "2012"]
[BlackElo "1633"]
[PlyCount "55"]
[EventDate "2013.??.??"]
[EventType "tourn (corr)"]
[EventRounds "6"]
[EventCountry "GER"]
[SourceTitle "Corr 2015"]
[Source "ChessBase"]
[SourceDate "2015.07.17"]
[SourceVersion "1"]
[SourceVersionDate "2015.07.17"]
[SourceQuality "1"]

1. d4 e6 2. e4 d5 3. Nc3 Nc6 4. e5 Bb4 5. Nf3 Nge7 6. Bd3 Nf5 7. a3 Bxc3+ 8. bxc3 0-0 9. h4 h6 10. g4 Nfe7 11. h5 f5 12. exf6 Rxf6 13. g5 hxg5 14. Bxg5 Nf5 15. Qe2 Bd7 16. Ne5 Be8 17. Ng4 Ncxd4 18. cxd4 Nxd4 19. Bxf6 gxf6 20. Qe3 e5 21. f4 Nc6 22. fxe5 fxe5 23. 0-0 e4 24. Qh6 Qe7 25. Nf6+ Kf7 26. Nxd5+ Kg8 27. Nxe7+ Nxe7 28. Rf8# 1-0

[Event "Remote TT Blackmar-Diemer-5/1 email"]
[Site "Remote email"]
[Date "2013.11.01"]
[Round "?"]
[White "Eckhardt, Andreas"]
[Black "Firsching, Guenter"]
[Result "0-1"]
[WhiteElo "2012"]
[BlackElo "2485"]
[PlyCount "58"]
[EventDate "2013.??.??"]
[EventType "tourn (corr)"]
[EventRounds "8"]
[EventCountry "GER"]
[SourceTitle "Corr 2015"]
[Source "ChessBase"]
[SourceDate "2015.07.17"]
[SourceVersion "1"]
[SourceVersionDate "2015.07.17"]
[SourceQuality "1"]

1. d4 d5 2. e4 dxe4 3. Nc3 Nf6 4. f3 exf3 5. Nxf3 c6 6. Bd3 Bg4 7. Be3 e6 8. h3 Bh5 9. Qe2 Bb4 10. a3 Ba5 11. 0-0 0-0 12. Qf2 Nbd7 13. Qh4 Bxc3 14. bxc3 Bg6 15. c4 Re8 16. Rab1 b6 17. Bxg6 fxg6 18. Ne5 Nxe5 19. dxe5 Nd7 20. Qd4 Qc7 21. a4 c5 22. Qd6 Qxd6 23. exd6 h6 24. Rbd1 e5 25. g4 g5 26. Kg2 Rad8 27. h4 gxh4 28. g5 Re6 29. gxh6 Rg6+ 0-1

[Event "Remote TT Blackmar-Diemer-5/1 email"]
[Site "Remote email"]
[Date "2013.11.01"]
[Round "?"]
[White "Eckhardt, Andreas"]
[Black "Quinones Borda, Jorge Victor"]
[Result "0-1"]
[WhiteElo "2012"]
[BlackElo "2363"]
[PlyCount "54"]
[EventDate "2013.??.??"]
[EventType "tourn (corr)"]
[EventRounds "8"]
[EventCountry "GER"]
[SourceTitle "Corr 2015"]
[Source "ChessBase"]
[SourceDate "2015.07.17"]
[SourceVersion "1"]
[SourceVersionDate "2015.07.17"]
[SourceQuality "1"]

1. d4 d5 2. e4 dxe4 3. Nc3 Nf6 4. f3 exf3 5. Nxf3 g6 6. Bc4 Bg7 7. 0-0 Bg4 8. h3 Bxf3 9. Qxf3 c6 10. Be3 Nbd7 11. Rae1 0-0 12. Bb3 a5 13. a4 Nb6 14. Kh1 Qd7 15. Bf2 Rae8 16. Rd1 Nbd5 17. Bg3 e6 18. Be5 Rd8 19. Ne2 Ne8 20. c4 Nb4 21. Qe3 b6 22. c5 bxc5 23. dxc5 Qe7 24. Rxd8 Qxd8 25. Bc4 Bxe5 26. Qxe5 Qc7 27. Qe3 Ng7 0-1

[Event "Remote TT Blackmar-Diemer-5/1 email"]
[Site "Remote email"]
[Date "2013.11.01"]
[Round "?"]
[White "Leisebein, Peter"]
[Black "Eckhardt, Andreas"]
[Result "1-0"]
[WhiteElo "2453"]
[BlackElo "2012"]
[PlyCount "55"]
[EventDate "2013.??.??"]
[EventType "tourn (corr)"]
[EventRounds "8"]
[EventCountry "GER"]
[SourceTitle "Corr 2015"]
[Source "ChessBase"]
[SourceDate "2015.07.17"]
[SourceVersion "1"]
[SourceVersionDate "2015.07.17"]
[SourceQuality "1"]

1. d4 d5 2. e4 dxe4 3. Nc3 Nf6 4. f3 exf3 5. Nxf3 Bg4 6. h3 Bxf3 7. Qxf3 c6 8. Be3 e6 9. Bd3 Nbd7 10. 0-0 Nb6 11. Ne4 Be7 12. c4 0-0 13. a4 a5 14. Nc3 Qc7 15. g4 h6 16. h4 h5 17. gxh5 Nxh5 18. Ne2 g6 19. Kh1 Bxh4 20. Rg1 Ng7 21. Qh3 Qe7 22. Rg4 Bf6 23. Nf4 Nf5 24. Rag1 Nxa4 25. Rxg6+ fxg6 26. Nxg6 Kf7 27. Qh5 Ke8 28. Nxe7+ 1-0

[Event "Remote S7E Adv-136 email"]
[Site "Remote email"]
[Date "2013.10.31"]
[Round "?"]
[White "Eckhardt, Andreas"]
[Black "Strahlberger, Michael"]
[Result "0-1"]
[WhiteElo "2012"]
[BlackElo "2241"]
[PlyCount "86"]
[EventDate "2013.??.??"]
[EventType "tourn (corr)"]
[EventRounds "6"]
[EventCountry "GER"]
[SourceTitle "Corr 2015"]
[Source "ChessBase"]
[SourceDate "2015.07.17"]
[SourceVersion "1"]
[SourceVersionDate "2015.07.17"]
[SourceQuality "1"]

1. d4 d5 2. e4 e6 3. Nc3 Nf6 4. e5 Nfd7 5. f4 c5 6. Nf3 Nc6 7. Be3 cxd4 8. Nxd4 Bc5 9. Qd2 0-0 10. 0-0-0 a6 11. Qf2 Nxd4 12. Bxd4 Qe7 13. a3 b5 14. Kb1 Rb8 15. Bxc5 Nxc5 16. Rd4 Bb7 17. Be2 Qc7 18. h4 Ba8 19. h5 Rfc8 20. h6 g6 21. Qh4 Kf8 22. Rc1 Qe7 23. Qe1 Kg8 24. g4 Rc7 25. g5 Rcc8 26. Qd2 Bc6 27. Na2 Qa7 28. Bd1 Rc7 29. Qe3 a5 30. c3 Bb7 31. Bc2 Ba6 32. Rcd1 Nd7 33. Qf3 Qb7 34. R4d2 Qa8 35. Rc1 Rc6 36. Qf2 Qb7 37. Re1 Nb6 38. Rd4 Kf8 39. Bd3 Nc4 40. Be2 Ke8 41. Red1 Rb6 42. Rc1 Qa7 43. Rc2 R6b7 0-1

[Event "Remote S7E Adv-136 email"]
[Site "Remote email"]
[Date "2013.10.31"]
[Round "?"]
[White "Teske, Heike"]
[Black "Eckhardt, Andreas"]
[Result "1/2-1/2"]
[WhiteElo "2151"]
[BlackElo "2012"]
[PlyCount "96"]
[EventDate "2013.??.??"]
[EventType "tourn (corr)"]
[EventRounds "6"]
[EventCountry "GER"]
[SourceTitle "Corr 2015"]
[Source "ChessBase"]
[SourceDate "2015.07.17"]
[SourceVersion "1"]
[SourceVersionDate "2015.07.17"]
[SourceQuality "1"]

1. e4 e5 2. Nf3 Nc6 3. Nc3 Nf6 4. Bb5 Nd4 5. 0-0 Nxb5 6. Nxb5 c6 7. Nc3 d6 8. d4 Qc7 9. Qd3 Be7 10. Be3 h6 11. h3 b5 12. a4 b4 13. Ne2 a5 14. c4 bxc3 15. bxc3 Ba6 16. c4 0-0 17. Ng3 Rfe8 18. Rab1 d5 19. Nxe5 Nd7 20. Nxd7 Bxc4 21. Qc2 Qxd7 22. Rfc1 Qc8 23. e5 Bb4 24. Rd1 Qa6 25. Qf5 Re6 26. Qg4 Rg6 27. Qf3 Re6 28. Kh1 Rb8 29. Rb2 Qa7 30. Nh5 Bf8 31. Rxb8 Qxb8 32. Qf5 Qc7 33. Qg4 Rg6 34. Qf3 Re6 35. Rc1 Qb7 36. Qg4 Kh7 37. h4 Kh8 38. Kg1 Kh7 39. Qf5+ Kg8 40. Rb1 Qa7 41. Qg4 Kh7 42. f4 Bd3 43. Rb3 f5 44. Qh3 Be4 45. Ng3 Qf7 46. Nxe4 dxe4 47. Rb7 Qh5 48. Bf2 Rg6 1/2-1/2

[Event "Remote S7E Pro-170 email"]
[Site "Remote email"]
[Date "2013.09.29"]
[Round "?"]
[White "Schatz, Hans Dieter"]
[Black "Eckhardt, Andreas"]
[Result "1-0"]
[WhiteElo "2331"]
[BlackElo "2244"]
[PlyCount "77"]
[EventDate "2013.??.??"]
[EventType "tourn (corr)"]
[EventRounds "6"]
[EventCountry "GER"]
[SourceTitle "Corr 2015"]
[Source "ChessBase"]
[SourceDate "2015.07.17"]
[SourceVersion "1"]
[SourceVersionDate "2015.07.17"]
[SourceQuality "1"]

1. e4 e5 2. Nf3 Nc6 3. c3 Nf6 4. d4 Nxe4 5. d5 Ne7 6. Nxe5 Ng6 7. Qf3 Nf6 8. Nxg6 hxg6 9. Be3 Qe7 10. Nd2 Qe5 11. Bc4 b5 12. Bxb5 Rb8 13. a4 Bb7 14. 0-0-0 Bxd5 15. Qg3 Qxg3 16. hxg3 Rxh1 17. Rxh1 a6 18. Bxa6 Ra8 19. Bb5 c6 20. Be2 Rxa4 21. Rh8 Ke7 22. Kc2 d6 23. c4 Be6 24. Bf3 c5 25. Kc3 Ra1 26. Bg5 Rc1+ 27. Kb3 Re1 28. Bc6 Bf5 29. Ka4 Re2 30. Kb5 Bg4 31. Kb6 Bf5 32. Kc7 Bd3 33. Bf4 Re6 34. Nf3 Ne8+ 35. Bxe8 Kxe8 36. Ng5 Re7+ 37. Kb6 f6 38. Nh7 g5 39. Bxd6 1-0

[Event "Remote S7E Starter-47 email"]
[Site "Remote email"]
[Date "2013.08.10"]
[Round "?"]
[White "Eckhardt, Andreas"]
[Black "Guido, Angel Pablo"]
[Result "1/2-1/2"]
[WhiteElo "2012"]
[BlackElo "2131"]
[PlyCount "66"]
[EventDate "2013.??.??"]
[EventType "tourn (corr)"]
[EventRounds "6"]
[EventCountry "GER"]
[SourceTitle "Corr 2015"]
[Source "ChessBase"]
[SourceDate "2015.07.17"]
[SourceVersion "1"]
[SourceVersionDate "2015.07.17"]
[SourceQuality "1"]

1. d4 Nf6 2. f3 g6 3. e4 d6 4. Nc3 c6 5. Be3 Nbd7 6. Qd2 b5 7. g4 h6 8. Nge2 Nb6 9. Ng3 Bg7 10. b3 a5 11. a4 b4 12. Nce2 Qc7 13. h4 c5 14. h5 g5 15. Rd1 c4 16. d5 c3 17. Qd3 Nbd7 18. Nd4 Ne5 19. Qe2 Bd7 20. Ngf5 Kf8 21. Nb5 Qb7 22. Qg2 Bxf5 23. gxf5 g4 24. Be2 gxf3 25. Bxf3 Nxf3+ 26. Qxf3 Nd7 27. Rg1 Bf6 28. Nd4 Qa6 29. Qg4 Ne5 30. Qg3 Ke8 31. Nf3 Nxf3+ 32. Qxf3 Bh4+ 33. Bf2 Bg5 1/2-1/2

[Event "Remote S7E Schnell-95 email"]
[Site "Remote email"]
[Date "2013.07.19"]
[Round "?"]
[White "Eckhardt, Andreas"]
[Black "Witt, Monika"]
[Result "1-0"]
[WhiteElo "2185"]
[BlackElo "1412"]
[PlyCount "63"]
[EventDate "2013.??.??"]
[EventType "tourn (corr)"]
[EventRounds "6"]
[EventCountry "GER"]
[SourceTitle "Corr 2015"]
[Source "ChessBase"]
[SourceDate "2015.07.17"]
[SourceVersion "1"]
[SourceVersionDate "2015.07.17"]
[SourceQuality "1"]

1. d4 d5 2. e4 e6 3. Nc3 a6 4. Nf3 Bb4 5. e5 Bxc3+ 6. bxc3 h6 7. Bd3 Ne7 8. 0-0 Nbc6 9. Nh4 b5 10. Qg4 g6 11. Ba3 b4 12. cxb4 h5 13. Qf4 Rh7 14. c3 Kd7 15. Bc1 f5 16. exf6 Nf5 17. Nxf5 gxf5 18. Bxf5 Qg8 19. Bxh7 Qxh7 20. f7 Bb7 21. f8Q Rxf8 22. Qxf8 Ne7 23. Qb8 Kc6 24. Re1 Nf5 25. Rxe6+ Nd6 26. a4 Qd7 27. b5+ axb5 28. axb5+ Kxb5 29. Rb1+ Kc4 30. Re3 c5 31. Qa7 Nc8 32. Qxc5# 1-0

[Event "Remote S7E Schnell-95 email"]
[Site "Remote email"]
[Date "2013.07.19"]
[Round "?"]
[White "Hahner, Anton"]
[Black "Eckhardt, Andreas"]
[Result "0-1"]
[WhiteElo "2153"]
[BlackElo "2185"]
[PlyCount "66"]
[EventDate "2013.??.??"]
[EventType "tourn (corr)"]
[EventRounds "6"]
[EventCountry "GER"]
[SourceTitle "Corr 2015"]
[Source "ChessBase"]
[SourceDate "2015.07.17"]
[SourceVersion "1"]
[SourceVersionDate "2015.07.17"]
[SourceQuality "1"]

1. e4 e5 2. Nf3 Nc6 3. Bb5 f5 4. d3 fxe4 5. dxe4 Nf6 6. 0-0 Bc5 7. Nc3 0-0 8. Bg5 d6 9. Nd5 Kh8 10. Nh4 Nd4 11. Bd3 c6 12. Nxf6 gxf6 13. Be3 Rg8 14. Kh1 Ne6 15. Bc4 b5 16. Bb3 a5 17. a3 a4 18. Ba2 Rb8 19. c3 Qf8 20. Nf5 Rg6 21. Bxc5 dxc5 22. Bxe6 Bxe6 23. Qf3 Bb3 24. Qe3 Rd8 25. Kg1 Qg8 26. g3 Qc4 27. Rae1 Rd3 28. Qc1 Qe6 29. f4 Rg4 30. fxe5 Qxe5 31. Qh6 Bc4 32. Rd1 Rg6 33. Rxd3 Bxd3 0-1

[Event "Remote S7E Schnell-95 email"]
[Site "Remote email"]
[Date "2013.07.19"]
[Round "?"]
[White "Nogler, Schimun"]
[Black "Eckhardt, Andreas"]
[Result "1-0"]
[WhiteElo "2410"]
[BlackElo "2185"]
[PlyCount "95"]
[EventDate "2013.??.??"]
[EventType "tourn (corr)"]
[EventRounds "6"]
[EventCountry "GER"]
[SourceTitle "Corr 2015"]
[Source "ChessBase"]
[SourceDate "2015.07.17"]
[SourceVersion "1"]
[SourceVersionDate "2015.07.17"]
[SourceQuality "1"]

1. d4 d5 2. c4 dxc4 3. e4 e5 4. Nf3 exd4 5. Bxc4 Nc6 6. 0-0 Bc5 7. Ng5 Nh6 8. Nxf7 Nxf7 9. Bxf7+ Kxf7 10. Qh5+ g6 11. Qxc5 Qe7 12. Qxe7+ Nxe7 13. Bf4 c5 14. Rc1 b6 15. b4 cxb4 16. Nd2 Ba6 17. Nf3 Rhc8 18. Nxd4 Rc4 19. Rd1 Rac8 20. h4 Rd8 21. Be3 Ke8 22. Ne6 Rdc8 23. f3 Bb5 24. a4 Bc6 25. Rd3 Rc3 26. Rxc3 bxc3 27. a5 Bd7 28. axb6 axb6 29. Nd4 Rc4 30. Ra8+ Kf7 31. Ra7 Ke8 32. Kf2 c2 33. Nb3 Nc6 34. Rb7 Nb4 35. Nc1 b5 36. Ke1 Ke7 37. Kd2 Ke6 38. Bh6 Ke7 39. Rb8 Ke6 40. Bg7 Kf7 41. Bb2 Bc6 42. Ba3 Rd4+ 43. Kc3 Rc4+ 44. Kb2 Rd4 45. Rb6 Be8 46. Bxb4 Rxb4+ 47. Kxc2 Ra4 48. Ne2 1-0

[Event "Remote S7E Adv-134 email"]
[Site "Remote email"]
[Date "2013.07.09"]
[Round "?"]
[White "Teske, Heike"]
[Black "Eckhardt, Andreas"]
[Result "1-0"]
[WhiteElo "2176"]
[BlackElo "2285"]
[PlyCount "69"]
[EventDate "2013.??.??"]
[EventType "tourn (corr)"]
[EventRounds "6"]
[EventCountry "GER"]
[SourceTitle "Corr 2015"]
[Source "ChessBase"]
[SourceDate "2015.07.17"]
[SourceVersion "1"]
[SourceVersionDate "2015.07.17"]
[SourceQuality "1"]

1. d4 d5 2. Nc3 Nf6 3. Bf4 Bf5 4. e3 e6 5. Bd3 Bg6 6. Nf3 Nh5 7. Bg5 Be7 8. h4 0-0 9. Bxg6 fxg6 10. Qe2 Nc6 11. 0-0-0 Nf6 12. a3 a6 13. Kb1 Ne4 14. Nxe4 dxe4 15. Nd2 Bxg5 16. hxg5 Qxg5 17. g4 b5 18. Nxe4 Qd5 19. Qd3 b4 20. a4 b3 21. c4 Qd7 22. Nc5 Qf7 23. f4 Nb4 24. Qxb3 a5 25. g5 Na6 26. Nxa6 Qf5+ 27. Qc2 Rxa6 28. c5 Ra7 29. Qxf5 exf5 30. d5 Rb8 31. Rh2 Rb3 32. Re2 Rb4 33. c6 Kf7 34. Rc2 Rb8 35. d6 1-0

[Event "Remote email"]
[Site "Remote email"]
[Date "2013.06.09"]
[Round "?"]
[White "Muster, Wolfgang"]
[Black "Eckhardt, Andreas"]
[Result "1-0"]
[WhiteElo "2264"]
[BlackElo "2285"]
[PlyCount "61"]
[EventDate "2013.??.??"]
[EventType "tourn (corr)"]
[EventRounds "6"]
[EventCountry "GER"]
[SourceTitle "Corr 2015"]
[Source "ChessBase"]
[SourceDate "2015.07.17"]
[SourceVersion "1"]
[SourceVersionDate "2015.07.17"]
[SourceQuality "1"]

1. d4 d5 2. c4 c6 3. Nf3 Nf6 4. Nc3 e6 5. e3 Nbd7 6. Qc2 Bd6 7. Bd3 0-0 8. 0-0 dxc4 9. Bxc4 b5 10. Bd3 Bb7 11. a3 a5 12. Rd1 b4 13. Ne4 Nxe4 14. Bxe4 f5 15. Bd3 c5 16. e4 Rc8 17. Bc4 Bxe4 18. Bxe6+ Kh8 19. Qe2 Rc7 20. dxc5 Nxc5 21. Bg5 Qe8 22. Bxf5 Rxf5 23. Rxd6 Rc8 24. h4 h6 25. Nd4 Rf8 26. axb4 axb4 27. Bxh6 Qe5 28. Rg6 Rc7 29. Qe3 Re7 30. f4 Qc7 31. f5 1-0

[Event "Remote email"]
[Site "Remote email"]
[Date "2013.06.09"]
[Round "?"]
[White "Tortoza, Carlos Alberto"]
[Black "Eckhardt, Andreas"]
[Result "0-1"]
[WhiteElo "1653"]
[BlackElo "2285"]
[PlyCount "106"]
[EventDate "2013.??.??"]
[EventType "tourn (corr)"]
[EventRounds "6"]
[EventCountry "GER"]
[SourceTitle "Corr 2015"]
[Source "ChessBase"]
[SourceDate "2015.07.17"]
[SourceVersion "1"]
[SourceVersionDate "2015.07.17"]
[SourceQuality "1"]

1. c4 Nf6 2. d4 e6 3. a3 d6 4. Nc3 Be7 5. e4 0-0 6. Nf3 d5 7. e5 Ne4 8. Qc2 Nxc3 9. Qxc3 dxc4 10. Bxc4 Bd7 11. 0-0 Bc6 12. Bf4 Bxf3 13. Qxf3 Qxd4 14. b3 Nc6 15. Rfe1 Rfd8 16. Rad1 Qc5 17. a4 Rxd1 18. Rxd1 Rd8 19. Rxd8+ Bxd8 20. Qg3 Be7 21. Bg5 Bxg5 22. Qxg5 g6 23. h3 Qxe5 24. Qh4 Kg7 25. f4 Qe3+ 26. Kf1 Nd4 27. Qf2 Qc1+ 28. Qe1 Qxf4+ 29. Kg1 Nf5 30. Qc3+ Qd4+ 31. Qxd4+ Nxd4 32. Kf2 Kf6 33. g4 a5 34. Ke3 Ke5 35. h4 f5 36. gxf5 Nxf5+ 37. Kf3 h5 38. Bd3 Nxh4+ 39. Kg3 Nf5+ 40. Kh3 g5 41. Be2 g4+ 42. Kg2 Nd4 43. Bc4 Kf4 44. Kh2 h4 45. Kg2 c6 46. Kf2 e5 47. Kg2 h3+ 48. Kh2 Nf3+ 49. Kh1 e4 50. Bf1 e3 51. b4 g3 52. Bxh3 e2 53. Kg2 e1Q 0-1

[Event "Remote S7E Adv-133 email"]
[Site "Remote email"]
[Date "2013.06.01"]
[Round "?"]
[White "Eckhardt, Andreas"]
[Black "Kahl, Karl Heinz"]
[Result "1-0"]
[WhiteElo "2285"]
[BlackElo "2161"]
[PlyCount "83"]
[EventDate "2013.??.??"]
[EventType "tourn (corr)"]
[EventRounds "6"]
[EventCountry "GER"]
[SourceTitle "Corr 2015"]
[Source "ChessBase"]
[SourceDate "2015.07.17"]
[SourceVersion "1"]
[SourceVersionDate "2015.07.17"]
[SourceQuality "1"]

1. d4 Nf6 2. f3 d5 3. e4 dxe4 4. Nc3 exf3 5. Nxf3 Bg4 6. h3 Bxf3 7. Qxf3 c6 8. g4 e6 9. g5 Nd5 10. Bd3 Nb4 11. 0-0 Qxd4+ 12. Be3 Qd7 13. Rad1 Qc7 14. Bc4 Nd5 15. Bd4 Bb4 16. Bxg7 Rg8 17. Bh6 Rg6 18. Rde1 Kd8 19. Kh1 f5 20. gxf6 Qf7 21. Bd2 Nd7 22. Qe2 Bxc3 23. Bxc3 N7b6 24. Bd3 Rh6 25. Qxe6 Qxe6 26. Rxe6 Rxh3+ 27. Kg2 Rh5 28. f7 Kd7 29. Ree1 Rf8 30. Bd2 Kd8 31. c4 Ne7 32. Be2 Rf5 33. Rxf5 Nxf5 34. Bh5 Nd7 35. Re8+ Kc7 36. c5 b6 37. Bf4+ Kb7 38. Bd6 Nxd6 39. cxd6 Ka6 40. Kf3 b5 41. Ke4 Kb6 42. Rxf8 1-0

[Event "Remote S7E Adv-133 email"]
[Site "Remote email"]
[Date "2013.06.01"]
[Round "?"]
[White "Heinrich, Olaf Wittmund"]
[Black "Eckhardt, Andreas"]
[Result "1/2-1/2"]
[WhiteElo "2378"]
[BlackElo "2244"]
[PlyCount "80"]
[EventDate "2013.??.??"]
[EventType "tourn (corr)"]
[EventRounds "6"]
[EventCountry "GER"]
[SourceTitle "Corr 2015"]
[Source "ChessBase"]
[SourceDate "2015.07.17"]
[SourceVersion "1"]
[SourceVersionDate "2015.07.17"]
[SourceQuality "1"]

1. e4 e5 2. Nf3 Nc6 3. Bc4 Nf6 4. d3 Bc5 5. c3 d6 6. b4 Bb6 7. a4 a5 8. b5 Ne7 9. Nbd2 Ng6 10. Nf1 0-0 11. Ng3 Bg4 12. 0-0 d5 13. exd5 Nh4 14. Bg5 Nxf3+ 15. gxf3 Bh3 16. Ne4 Bxf1 17. Qxf1 Kh8 18. Re1 Qe7 19. f4 Rae8 20. f5 Rd8 21. Qh3 Rd6 22. Kf1 Qd7 23. Nxf6 Rxf6 24. Rxe5 Rd6 25. Re7 Qc8 26. d4 Kg8 27. Re3 Qd7 28. Be7 Re8 29. Bxd6 Rxe3 30. Qxe3 cxd6 31. f6 Bd8 32. fxg7 Qg4 33. h3 Qh4 34. Bd3 Bg5 35. Qf3 Kxg7 36. Be4 b6 37. c4 Be7 38. Qf5 Qh6 39. Ke2 Qg6 40. Qf3 Qg5 1/2-1/2

[Event "Remote TT Blackmar-Diemer-5/2 email"]
[Site "Remote email"]
[Date "2013.05.31"]
[Round "?"]
[White "Eckhardt, Andreas"]
[Black "Tauscher, Karl"]
[Result "1/2-1/2"]
[WhiteElo "2285"]
[BlackElo "2404"]
[PlyCount "45"]
[EventDate "2013.??.??"]
[EventType "tourn (corr)"]
[EventRounds "8"]
[EventCountry "GER"]
[SourceTitle "Corr 2015"]
[Source "ChessBase"]
[SourceDate "2015.07.17"]
[SourceVersion "1"]
[SourceVersionDate "2015.07.17"]
[SourceQuality "1"]

1. d4 d5 2. e4 dxe4 3. Nc3 Nf6 4. f3 exf3 5. Nxf3 e6 6. Bg5 Be7 7. Bd3 Nbd7 8. Qe2 c5 9. 0-0-0 cxd4 10. Nxd4 Qa5 11. Nf5 exf5 12. Rhe1 Qe5 13. Qxe5 Nxe5 14. Rxe5 Be6 15. Nb5 Nd7 16. Nc7+ Kd8 17. Nxe6+ fxe6 18. Bb5 Bxg5+ 19. Kb1 Ke7 20. Bxd7 g6 21. Rxe6+ Kf7 22. g3 Rhf8 23. Re5 1/2-1/2

[Event "Remote TT Blackmar-Diemer-5/2 email"]
[Site "Remote email"]
[Date "2013.05.31"]
[Round "?"]
[White "Peschen, Rainer"]
[Black "Eckhardt, Andreas"]
[Result "1/2-1/2"]
[WhiteElo "2072"]
[BlackElo "2285"]
[PlyCount "52"]
[EventDate "2013.??.??"]
[EventType "tourn (corr)"]
[EventRounds "8"]
[EventCountry "GER"]
[SourceTitle "Corr 2015"]
[Source "ChessBase"]
[SourceDate "2015.07.17"]
[SourceVersion "1"]
[SourceVersionDate "2015.07.17"]
[SourceQuality "1"]

1. d4 d5 2. e4 dxe4 3. Nc3 Nf6 4. f3 exf3 5. Nxf3 c6 6. Bd3 Bg4 7. 0-0 e6 8. Be3 Nbd7 9. Qe1 Bxf3 10. Rxf3 Qc7 11. Qh4 0-0-0 12. a4 h6 13. a5 g5 14. Qe1 Bd6 15. g3 a6 16. Na4 Be7 17. b4 Nd5 18. Rxf7 Bxb4 19. Bd2 Bxd2 20. Qxd2 Rhf8 21. Rh7 Qd6 22. Rxh6 Nf4 23. c3 Nxd3 24. Qxd3 Qd5 25. Qe2 Qxa5 26. Rxe6 Rf7 1/2-1/2